[Event "TCh-TUR Super League 2015"]
[Site "Kocaeli TUR"]
[Date "2015.08.15"]
[Round "13.2"]
[Board "2.3"]
[White "Ali Marandi, Cemil Can"]
[Black "Soylu, Suat"]
[Result "1/2-1/2"]
[WhiteTitle "IM"]
[BlackTitle "IM"]
[WhiteElo "2414"]
[BlackElo "2377"]
[WhiteTeam "Hatay Buyuksehir Belediyesi Genclik Sports Club"]
[BlackTeam "T.S Alyans Satranc Sports Club"]
[WhiteFideId "6300529"]
[BlackFideId "6300065"]
[EventDate "2015.08.04"]

1. e4 e5 2. Nf3 Nc6 3. Bb5 a6 4. Ba4 f5 5. d4 fxe4 6. Nxe5 Nf6 7. O-O Bd6 8. f4
O-O 9. Nc3 Bb4 10. Ne2 Qe8 11. c3 Be7 12. Bb3+ Kh8 13. Ng3 1/2-1/2

[Event "TCh-TUR Super League 2015"]
[Site "Kocaeli TUR"]
[Date "2015.08.15"]
[Round "13.2"]
[Board "2.4"]
[White "Sirin, Atakan"]
[Black "Gulbas, Cemil"]
[Result "1-0"]
[BlackTitle "IM"]
[WhiteElo "2243"]
[BlackElo "2377"]
[WhiteTeam "T.S Alyans Satranc Sports Club"]
[BlackTeam "Hatay Buyuksehir Belediyesi Genclik Sports Club"]
[WhiteFideId "6303307"]
[BlackFideId "201820"]
[EventDate "2015.08.04"]

1. d4 Nf6 2. Bg5 g6 3. Nc3 d5 4. Qd3 Bg7 5. f3 O-O 6. O-O-O c6 7. e4 b5 8. h4 b4
9. Nce2 dxe4 10. fxe4 a5 11. Bxf6 exf6 12. h5 Re8 13. hxg6 hxg6 14. Nf3 Qe7 15.
Ng3 Nd7 16. Nh4 Nb6 17. Qf3 Qd6 18. Kb1 a4 19. Nhf5 gxf5 20. exf5 Nd5 21. Nh5
Bh6 22. Bc4 Bd7 23. Ng3 Bg5 24. Qh5 Kf8 25. Ne4 Qf4 26. Nc5 Bxf5 27. Bxd5 cxd5
28. Rhf1 Qg4 29. Qh8+ Ke7 30. Rde1+ Be6 31. Qh2 Rh8 32. Rxe6+ fxe6 33. Qc7+ Kf8
34. Rxf6+ Bxf6 35. Nd7+ Kg7 36. Ne5+ Kh6 37. Nxg4+ Kg5 38. Nf2 Bxd4 39. Qg3+ 1-0

[Event "TCh-TUR Super League 2015"]
[Site "Kocaeli TUR"]
[Date "2015.08.15"]
[Round "13.2"]
[Board "2.5"]
[White "Altinoz, Fevziye Ece"]
[Black "Ushenina, Anna"]
[Result "0-1"]
[BlackTitle "GM"]
[WhiteElo "1543"]
[BlackElo "2435"]
[WhiteTeam "Hatay Buyuksehir Belediyesi Genclik Sports Club"]
[BlackTeam "T.S Alyans Satranc Sports Club"]
[WhiteFideId "6358942"]
[BlackFideId "14110911"]
[EventDate "2015.08.04"]

1. e4 c5 2. Nf3 a6 3. d3 Nc6 4. Be2 e6 5. O-O Qc7 6. Nbd2 Nge7 7. Nb3 b6 8. c3
Ng6 9. Be3 Be7 10. d4 d6 11. Qc2 O-O 12. Rad1 Bb7 13. d5 Nd8 14. c4 e5 15. Rfe1
Bc8 16. h3 f6 17. Nbd2 Nf4 18. Bxf4 exf4 19. Kh2 Nf7 20. Rg1 Ne5 21. Bf1 Bd7 22.
Nh4 g6 23. Nhf3 Rf7 24. b3 Kh8 25. Be2 Rg8 26. Nxe5 fxe5 27. Nf3 g5 28. Nd2 h5
29. g4 fxg3+ 30. fxg3 g4 31. h4 Qd8 32. Rgf1 Rxf1 33. Rxf1 Bxh4 34. Kg2 Bg5 35.
Rh1 Qe8 36. Qd1 Kg7 37. Nf1 Rf8 38. Qe1 Qg6 39. Bd3 Rf3 40. Qe2 Be8 41. Rh2 Qf6
42. Kg1 Qh6 43. Kh1 Be3 44. a3 Bd4 45. Qc2 Qf6 46. Qe2 Bg6 47. Rg2 Qg5 48. Qd1
h4 49. gxh4 Qxh4+ 50. Nh2 Re3 0-1

[Event "TCh-TUR Super League 2015"]
[Site "Kocaeli TUR"]
[Date "2015.08.15"]
[Round "13.2"]
[Board "2.6"]
[White "Koksal, Ege"]
[Black "Buyukasik, Diyap"]
[Result "1/2-1/2"]
[WhiteTitle "FM"]
[WhiteElo "2347"]
[BlackElo "2074"]
[WhiteTeam "T.S Alyans Satranc Sports Club"]
[BlackTeam "Hatay Buyuksehir Belediyesi Genclik Sports Club"]
[WhiteFideId "6317626"]
[BlackFideId "6319602"]
[EventDate "2015.08.04"]

1. d4 Nf6 2. c4 g6 3. f3 d5 4. cxd5 Nxd5 5. e4 Nb6 6. Nc3 Bg7 7. Be3 O-O 8. Qd2
Nc6 9. O-O-O Qd6 10. Kb1 Rd8 11. d5 Ne5 12. Qf2 Nec4 13. Bd4 Bxd4 14. Qxd4 e5
15. Qf2 Qb4 16. h4 c6 17. h5 g5 18. Bxc4 Qxc4 19. Nh3 h6 20. dxc6 Rxd1+ 21. Rxd1
bxc6 22. Qe2 Be6 23. Nf2 Rb8 24. Qxc4 Nxc4 25. Nd3 Ne3 26. Rg1 f6 27. Nd1 Nxd1
28. Rxd1 Rd8 29. b3 c5 30. Kc2 c4 31. Nc5 cxb3+ 32. axb3 Rc8 33. b4 a5 34. Kc3
axb4+ 35. Kxb4 Rb8+ 36. Kc3 Rc8 37. Kb4 Rb8+ 38. Kc3 Rc8 1/2-1/2

[Event "TCh-TUR Super League 2015"]
[Site "Kocaeli TUR"]
[Date "2015.08.15"]
[Round "13.2"]
[Board "2.7"]
[White "Temizkan, Denizcan"]
[Black "Dedebas, Emre Emin"]
[Result "1-0"]
[WhiteTitle "FM"]
[WhiteElo "1906"]
[BlackElo "1975"]
[WhiteTeam "Hatay Buyuksehir Belediyesi Genclik Sports Club"]
[BlackTeam "T.S Alyans Satranc Sports Club"]
[WhiteFideId "6325157"]
[BlackFideId "6349005"]
[EventDate "2015.08.04"]

1. d4 d5 2. c4 dxc4 3. e3 e5 4. Bxc4 exd4 5. exd4 Bd6 6. Nf3 Nf6 7. O-O O-O 8.
Nc3 Nc6 9. h3 h6 10. Be3 Bf5 11. Nh4 Bh7 12. Bd3 Bxd3 13. Qxd3 Qd7 14. Rad1 Rfe8
15. Qf5 Qxf5 16. Nxf5 a6 17. d5 Ne5 18. Nxd6 cxd6 19. Bd4 Ned7 20. a4 Ne4 21.
Rfe1 Nxc3 22. bxc3 b6 23. Rxe8+ Rxe8 24. Rb1 Rb8 25. Kf1 Kf8 26. Ke2 Nc5 27.
Bxc5 dxc5 28. c4 Ke7 29. Kd3 Kd6 30. f4 g6 31. g4 b5 32. axb5 axb5 33. Rxb5 Rxb5
34. cxb5 Kxd5 35. Kc3 f5 36. gxf5 gxf5 37. Kb3 c4+ 38. Kb4 Kd4 39. b6 c3 40. b7
c2 41. b8=Q c1=Q 42. Qe5+ Kd3 43. Qxf5+ Ke3 44. Qe6+ Kd4 45. Qe5+ Kd3 46. f5
Qc4+ 47. Ka5 Qf7 48. Kb6 Qf8 49. Qd5+ Ke2 50. Qe6+ Kf3 51. f6 Qb8+ 52. Kc6 Qa8+
53. Kd7 Qb7+ 54. Ke8 Qb8+ 55. Kf7 h5 56. Kg6 Kf4 57. Qf5+ Kg3 58. f7 Qd6+ 59.
Kh7 Qf8 60. Qg5+ Kxh3 61. Qxh5+ Kg2 62. Qg5+ Kf1 63. Qg7 1-0

[Event "TCh-TUR Super League 2015"]
[Site "Kocaeli TUR"]
[Date "2015.08.15"]
[Round "13.2"]
[Board "2.8"]
[White "Ozbay, Ece"]
[Black "Micoogullari, Lara"]
[Result "1-0"]
[WhiteTitle "WCM"]
[WhiteElo "1804"]
[BlackElo "1668"]
[WhiteTeam "T.S Alyans Satranc Sports Club"]
[BlackTeam "Hatay Buyuksehir Belediyesi Genclik Sports Club"]
[WhiteFideId "6351743"]
[BlackFideId "6344968"]
[EventDate "2015.08.04"]

1. e4 c5 2. Nf3 d6 3. d4 cxd4 4. Qxd4 Nc6 5. Bb5 Bd7 6. Bxc6 Bxc6 7. Nc3 Nf6 8.
Bg5 e6 9. O-O-O Be7 10. Rhe1 O-O 11. Kb1 d5 12. e5 Nd7 13. Bxe7 Qxe7 14. g4 b5
15. h4 a5 16. g5 b4 17. Ne2 a4 18. h5 b3 19. cxb3 axb3 20. axb3 Rfb8 21. Rc1 Bb5
22. Rc3 Nb6 23. g6 h6 24. gxf7+ Qxf7 25. Nf4 Qf5+ 26. Kc1 Rc8 27. Nh4 Qg4 28.
Nhg6 Rxc3+ 29. bxc3 Qf3 30. Kb2 Rb8 31. Nxe6 Bd3 32. Nc5 Bxg6 33. hxg6 Qf5 34.
Nd3 Nc4+ 35. Kc1 Qg5+ 36. f4 Qg2 37. bxc4 Qa2 38. Qxd5+ Kh8 39. Nb4 Qf2 40. Qd2
Qg3 41. f5 1-0

[Event "TCh-TUR Super League 2015"]
[Site "Kocaeli TUR"]
[Date "2015.08.15"]
[Round "13.3"]
[Board "3.2"]
[White "Benidze, Davit"]
[Black "Citak, Selim"]
[Result "1/2-1/2"]
[WhiteTitle "GM"]
[BlackTitle "FM"]
[WhiteElo "2469"]
[BlackElo "2327"]
[WhiteTeam "Kahramanmaras Buyuksehir Belediye Sports Club"]
[BlackTeam "Deniz Su Aquamatch Satranc Genclik Ve Sports Club"]
[WhiteFideId "13603086"]
[BlackFideId "6301819"]
[EventDate "2015.08.04"]

1. Nf3 d5 2. g3 Nf6 3. Bg2 c6 4. O-O Bg4 5. d3 Nbd7 6. Nbd2 e5 7. e4 dxe4 8.
dxe4 Bc5 9. h3 Bh5 10. Qe1 O-O 11. Nh4 Re8 12. c3 a5 13. Nc4 Qc7 14. Bg5 b5 15.
Nd2 a4 16. Nf5 Bg6 17. Rd1 Bxf5 18. exf5 e4 19. Kh1 Qe5 20. Bxe4 Nd5 21. a3 N7f6
22. Bc2 Qxe1 23. Rdxe1 Rxe1 24. Rxe1 Bxf2 25. Rf1 Bxg3 26. Bxf6 Nxf6 27. Ne4 1/2-1/2

[Event "TCh-TUR Super League 2015"]
[Site "Kocaeli TUR"]
[Date "2015.08.15"]
[Round "13.3"]
[Board "3.4"]
[White "Isik, Engin Yasar"]
[Black "Kazdagli, Benan"]
[Result "1-0"]
[WhiteElo "2188"]
[BlackElo "1937"]
[WhiteTeam "Kahramanmaras Buyuksehir Belediye Sports Club"]
[BlackTeam "Deniz Su Aquamatch Satranc Genclik Ve Sports Club"]
[WhiteFideId "6301886"]
[BlackFideId "6309925"]
[EventDate "2015.08.04"]

1. d4 Nf6 2. Nc3 d5 3. Bf4 Bf5 4. f3 e6 5. g4 Bg6 6. h4 h5 7. g5 Nfd7 8. e3 a6
9. Bd3 Bxd3 10. Qxd3 c5 11. g6 f6 12. O-O-O Nc6 13. Qf1 Nb6 14. Qh3 Qd7 15. Nge2
O-O-O 16. Kb1 cxd4 17. exd4 Bd6 18. Bc1 Ne7 19. Qg2 e5 20. dxe5 fxe5 21. Bg5 Qc6
22. f4 Rhe8 23. Bxe7 Rxe7 24. Nxd5 Nxd5 25. Rxd5 exf4 26. Nd4 Qe8 27. Nf3 Re6
28. Rg1 Bc7 29. Rxh5 Bb6 30. Rc1 Rxg6 31. Rg5 Rxg5 32. Nxg5 Be3 33. Re1 Rd2 34.
Qxd2 1-0

[Event "TCh-TUR Super League 2015"]
[Site "Kocaeli TUR"]
[Date "2015.08.15"]
[Round "13.3"]
[Board "3.6"]
[White "Yaran, Siar"]
[Black "Patel, Yesim"]
[Result "1-0"]
[WhiteTitle "CM"]
[BlackTitle "WCM"]
[WhiteElo "2179"]
[BlackElo "1941"]
[WhiteTeam "Kahramanmaras Buyuksehir Belediye Sports Club"]
[BlackTeam "Deniz Su Aquamatch Satranc Genclik Ve Sports Club"]
[WhiteFideId "6323006"]
[BlackFideId "6300200"]
[EventDate "2015.08.04"]

1. Nf3 d5 2. c4 e6 3. g3 Nf6 4. Bg2 c5 5. O-O Nc6 6. cxd5 exd5 7. d4 Be7 8. Nc3
O-O 9. Bg5 Be6 10. Rc1 Ne4 11. Bxe7 Qxe7 12. dxc5 Rad8 13. Nd4 Nxc5 14. Nxc6
bxc6 15. Qd4 Rfe8 16. e3 Na6 17. Na4 Rc8 18. Nc5 Nxc5 19. Rxc5 Qb7 20. Rfc1 Qb6
21. Qc3 Rb8 22. b3 Bd7 23. Qd4 Qb4 24. Qxb4 Rxb4 25. Ra5 Rb7 26. Kf1 Kf8 27. Ke2
f5 28. Kd3 Ke7 29. Kc3 Reb8 30. Rb1 Kd6 31. b4 g5 32. a3 Ke5 33. Rd1 Be8 34. Ra6
Rc7 35. f4+ Kf6 36. Rxd5 gxf4 37. exf4 Rb6 38. Rda5 Rxa6 39. Rxa6 Ke7 40. Kd4
Bd7 41. Kc5 Be8 42. Bxc6 Bxc6 43. Rxc6 Rd7 44. Rh6 Kd8 45. Rd6 1-0

[Event "TCh-TUR Super League 2015"]
[Site "Kocaeli TUR"]
[Date "2015.08.15"]
[Round "13.3"]
[Board "3.7"]
[White "Eden, Yagiz"]
[Black "Percin, Onder"]
[Result "1-0"]
[WhiteElo "1862"]
[BlackElo "1932"]
[WhiteTeam "Deniz Su Aquamatch Satranc Genclik Ve Sports Club"]
[BlackTeam "Kahramanmaras Buyuksehir Belediye Sports Club"]
[WhiteFideId "6325459"]
[BlackFideId "6345190"]
[EventDate "2015.08.04"]

1. e4 e5 2. Nf3 Nc6 3. Bb5 a6 4. Bxc6 dxc6 5. O-O f6 6. d4 exd4 7. Nxd4 c5 8.
Ne2 Qxd1 9. Rxd1 Bd7 10. Nbc3 O-O-O 11. Be3 Re8 12. Rd2 Bc6 13. Rad1 b6 14. a4
Ne7 15. Ng3 Ng6 16. b3 h5 17. f3 h4 18. Nf5 h3 19. g4 Ne5 20. Kf2 g6 21. Ng3 Be7
22. Nd5 Bd8 23. Re2 Rhf8 24. Bc1 Bd7 25. Bb2 c6 26. Nf4 g5 27. Nfh5 Rf7 28. Nf5
Bxf5 29. exf5 Bc7 30. Rde1 Rd8 31. Nxf6 Nd7 32. Nxd7 Rfxd7 33. Be5 Bxe5 34. Rxe5
Rd2+ 35. R5e2 R2d4 36. Re8 c4 37. Rxd8+ Kxd8 38. Re4 Rd2+ 39. Re2 Rd4 40. Ke3
Rf4 41. Rd2+ Ke7 42. b4 c5 43. bxc5 bxc5 44. c3 a5 45. Rb2 1-0

[Event "TCh-TUR Super League 2015"]
[Site "Kocaeli TUR"]
[Date "2015.08.15"]
[Round "13.3"]
[Board "3.8"]
[White "Ayan, Bengu Sena"]
[Black "Can, Isil"]
[Result "1/2-1/2"]
[BlackTitle "WCM"]
[WhiteElo "1693"]
[BlackElo "1858"]
[WhiteTeam "Kahramanmaras Buyuksehir Belediye Sports Club"]
[BlackTeam "Deniz Su Aquamatch Satranc Genclik Ve Sports Club"]
[WhiteFideId "6346120"]
[BlackFideId "34505733"]
[EventDate "2015.08.04"]

1. e4 e5 2. Nf3 Nc6 3. Bb5 a6 4. Ba4 Nf6 5. O-O Be7 6. Bxc6 dxc6 7. d3 Nd7 8.
Nbd2 O-O 9. Nc4 Bd6 10. Ne3 Nc5 11. b4 Ne6 12. Nf5 Bxb4 13. N3h4 Bc3 14. Rb1 Nd4
15. Qg4 Nxf5 16. Nxf5 Bxf5 17. exf5 b6 18. Qc4 Bd4 19. Qxc6 Bc5 20. Qe4 f6 21.
Bb2 Qd6 22. Rfe1 Rad8 23. Qg4 Qd5 24. Qa4 a5 25. Re4 Bb4 26. Qb3 Qxb3 27. axb3
Rd5 28. Rc4 Rc5 29. c3 Rxc4 30. dxc4 Bd6 31. f3 Bc5+ 32. Kf1 Rd8 33. Ke2 Re8 34.
Kd3 Rd8+ 35. Ke2 g6 36. g4 Kg7 37. fxg6 hxg6 38. Rd1 Rxd1 39. Kxd1 g5 40. Ke2
Kf7 1/2-1/2

[Event "TCh-TUR Super League 2015"]
[Site "Kocaeli TUR"]
[Date "2015.08.15"]
[Round "13.4"]
[Board "4.1"]
[White "Annaberdiev, Meilis"]
[Black "Cheparinov, Ivan"]
[Result "1-0"]
[WhiteTitle "IM"]
[BlackTitle "GM"]
[WhiteElo "2417"]
[BlackElo "2690"]
[WhiteTeam "Akdeniz Belediyesi Sports Club"]
[BlackTeam "Turk Hava Yollari (Thy) Sports Club"]
[WhiteFideId "14000563"]
[BlackFideId "2905540"]
[EventDate "2015.08.04"]

1. e4 c5 2. Nf3 d6 3. d4 cxd4 4. Nxd4 Nf6 5. Nc3 a6 6. Be3 e5 7. Nf3 Be7 8. h3
O-O 9. g4 Be6 10. Ng5 Nxg4 11. Nxf7 Rxf7 12. hxg4 Bg5 13. Qd2 Bxe3 14. fxe3 Qg5
15. O-O-O Nd7 16. Qxd6 Re8 17. Nd5 Nf6 18. Qb6 Nxg4 19. Nc7 Rxc7 20. Qxc7 Nxe3
21. Rd2 Rc8 22. Qxb7 Nxc2 23. Qxc8+ Bxc8 24. Bc4+ Kh8 25. Rf1 h5 26. Rf8+ Kh7
27. Kxc2 Bb7 28. Bg8+ Kh6 29. Bd5 Qe7 30. Rh8+ Kg5 31. Rg2+ Kf4 32. Rf8+ Ke3 33.
Rg3+ Kd4 34. Rd3+ Kc5 35. Rf7 Qh4 36. b4+ 1-0

[Event "TCh-TUR Super League 2015"]
[Site "Kocaeli TUR"]
[Date "2015.08.15"]
[Round "13.4"]
[Board "4.2"]
[White "Dastan, Muhammed Batuhan"]
[Black "Annaberdiyev, Babageldi"]
[Result "1-0"]
[WhiteTitle "IM"]
[BlackTitle "FM"]
[WhiteElo "2448"]
[BlackElo "2234"]
[WhiteTeam "Turk Hava Yollari (Thy) Sports Club"]
[BlackTeam "Akdeniz Belediyesi Sports Club"]
[WhiteFideId "6300014"]
[BlackFideId "14000385"]
[EventDate "2015.08.04"]

1. e4 c6 2. d4 d5 3. e5 c5 4. Nf3 Nc6 5. Ng1 Nb8 6. Nf3 Nc6 7. c4 cxd4 8. Nxd4
dxc4 9. Nxc6 Qxd1+ 10. Kxd1 bxc6 11. Bxc4 e6 12. Nc3 Ne7 13. Ne4 Nd5 14. a3 Be7
15. Kc2 a5 16. b3 O-O 17. Bg5 Bxg5 18. Nxg5 a4 19. b4 Ba6 20. Bxa6 Rxa6 21. Ne4
Rb8 22. Rac1 h6 23. Rhd1 Rd8 24. Kb2 Rb8 25. Rc4 Kf8 26. Rdc1 Ne7 27. Nd6 Kg8
28. f4 Rd8 29. R1c2 Ra7 30. Rc5 Ra6 31. g3 f6 32. Nb7 Rd7 33. Na5 fxe5 34. Rxe5
Kf7 35. Rce2 Nf5 36. Rc5 Rd5 37. Rxc6 Rdxa5 38. Rc7+ Kf6 39. bxa5 Rxa5 40. Rc4
h5 41. Rb4 Ra6 42. Ree4 Rd6 43. Kc2 Ra6 44. Rxa4 Rc6+ 45. Kb2 Rd6 46. Re2 Rd3
47. Rae4 1-0

[Event "TCh-TUR Super League 2015"]
[Site "Kocaeli TUR"]
[Date "2015.08.15"]
[Round "13.4"]
[Board "4.3"]
[White "Dogan, Nazmi Can"]
[Black "Kerigan, Demre"]
[Result "1/2-1/2"]
[BlackTitle "IM"]
[WhiteElo "2213"]
[BlackElo "2406"]
[WhiteTeam "Akdeniz Belediyesi Sports Club"]
[BlackTeam "Turk Hava Yollari (Thy) Sports Club"]
[WhiteFideId "6309658"]
[BlackFideId "6307841"]
[EventDate "2015.08.04"]

1. e4 d6 2. d4 Nf6 3. Nc3 g6 4. Nf3 Bg7 5. Be2 O-O 6. O-O c5 7. d5 Ne8 8. Nd2
Nd7 9. a4 e6 10. Nc4 Ne5 11. Bf4 Nxc4 12. Bxc4 e5 13. Be3 f5 14. exf5 gxf5 15.
f4 Nf6 16. h3 e4 17. Be2 Kh8 18. Rb1 Rg8 19. b4 b6 20. Qd2 Bd7 21. bxc5 bxc5 22.
Rb7 Qa5 23. Nb5 Qxd2 24. Bxd2 Bxb5 25. axb5 Rgb8 26. Rxb8+ Rxb8 27. c4 Nd7 28.
Ba5 Rb7 29. g4 Bd4+ 30. Kh2 a6 31. Rb1 axb5 32. Rxb5 Ra7 33. Kg3 Kg7 34. Bd1 Kg6
35. gxf5+ Kf6 36. Bd8+ Kxf5 37. Bg4+ Kg6 38. Ra5 Rb7 39. Ra6 Rb3+ 40. Kg2 Rb2+
41. Kf1 Nf6 42. Rxd6 Rf2+ 43. Ke1 Rxf4 44. Re6 h5 45. Be2 Kf5 46. Bxf6 Bxf6 47.
Bxh5 e3 48. Bg4+ Kg5 49. Rxe3 Rxc4 50. d6 Rd4 51. d7 c4 52. Ke2 Rd6 53. Re6
Rxe6+ 1/2-1/2

[Event "TCh-TUR Super League 2015"]
[Site "Kocaeli TUR"]
[Date "2015.08.15"]
[Round "13.4"]
[Board "4.4"]
[White "Yildiz, Betul Cemre"]
[Black "Kaplan, Mehmet Emin"]
[Result "1-0"]
[WhiteTitle "WGM"]
[WhiteElo "2345"]
[BlackElo "1691"]
[WhiteTeam "Turk Hava Yollari (Thy) Sports Club"]
[BlackTeam "Akdeniz Belediyesi Sports Club"]
[WhiteFideId "6302920"]
[BlackFideId "6364233"]
[EventDate "2015.08.04"]

1. e4 d5 2. exd5 Nf6 3. Bb5+ Bd7 4. Be2 Bf5 5. Nf3 Nxd5 6. d4 Nc6 7. a3 a6 8. c4
Nb6 9. d5 Nb8 10. Nc3 c6 11. Nd4 Bc8 12. dxc6 bxc6 13. Be3 e6 14. Nxe6 Qxd1+ 15.
Rxd1 Bxe6 16. Bxb6 Nd7 17. Be3 Rb8 18. Rd2 Ne5 19. Bf4 f6 20. O-O Rb7 21. Re1
Bc5 22. Ne4 Be7 23. Bxe5 fxe5 24. Nd6+ Bxd6 25. Rxd6 Ke7 26. Rxc6 Rxb2 27. Bf1
Rd8 28. Rxe5 Rd6 29. Rxd6 Kxd6 30. f4 Rc2 31. c5+ Kd7 32. Bxa6 Rc1+ 33. Kf2 Rc2+
34. Ke3 Rc3+ 35. Kd4 Rxa3 36. Bb5+ Ke7 37. f5 Kf6 38. Rxe6+ Kxf5 39. Ra6 Rb3 40.
Bd7+ Kg5 41. c6 1-0

[Event "TCh-TUR Super League 2015"]
[Site "Kocaeli TUR"]
[Date "2015.08.15"]
[Round "13.4"]
[Board "4.5"]
[White "Yordanova, Svetla"]
[Black "Melia, Salome"]
[Result "1/2-1/2"]
[WhiteTitle "WIM"]
[BlackTitle "IM"]
[WhiteElo "2131"]
[BlackElo "2456"]
[WhiteTeam "Akdeniz Belediyesi Sports Club"]
[BlackTeam "Turk Hava Yollari (Thy) Sports Club"]
[WhiteFideId "2905108"]
[BlackFideId "13602446"]
[EventDate "2015.08.04"]

1. e4 c5 2. c3 Qa5 3. Nf3 Nc6 4. d3 g6 5. g3 Bg7 6. Bg2 Nf6 7. Nbd2 d6 8. O-O
O-O 9. h3 Rb8 10. Re1 h6 11. Nb3 Qc7 12. d4 cxd4 13. Nbxd4 Nd7 14. Be3 a6 15.
Qd2 Kh7 16. Nxc6 bxc6 17. Bd4 e5 18. Be3 d5 19. exd5 cxd5 20. Qxd5 Rxb2 21. Rab1
Bb7 22. Qd1 Rxb1 23. Qxb1 e4 24. Nd4 Nf6 25. c4 Ba8 26. Rc1 Rc8 27. Nb3 Qe7 28.
Bd4 h5 29. Qb2 h4 30. g4 Ne8 31. Bxg7 Nxg7 32. c5 Ne6 33. Qe5 f6 34. Qd6 Qxd6
35. cxd6 Rxc1+ 36. Nxc1 Kg7 37. Bf1 f5 38. Bc4 Nc5 39. gxf5 gxf5 40. Bxa6 Kf6
41. Bc8 Bd5 1/2-1/2

[Event "TCh-TUR Super League 2015"]
[Site "Kocaeli TUR"]
[Date "2015.08.15"]
[Round "13.4"]
[Board "4.6"]
[White "Baglan, Esat"]
[Black "Ozer, Omer Faruk"]
[Result "1-0"]
[WhiteTitle "FM"]
[WhiteElo "2280"]
[BlackElo "2067"]
[WhiteTeam "Turk Hava Yollari (Thy) Sports Club"]
[BlackTeam "Akdeniz Belediyesi Sports Club"]
[WhiteFideId "6309216"]
[BlackFideId "6354564"]
[EventDate "2015.08.04"]

1. e4 c5 2. Nf3 g6 3. c4 Bg7 4. d4 cxd4 5. Nxd4 Nc6 6. Be3 Nf6 7. Nc3 O-O 8. Be2
d6 9. O-O Bd7 10. Qd2 Nxd4 11. Bxd4 Bc6 12. f3 a5 13. b3 Nd7 14. Be3 Nc5 15.
Rab1 Be5 16. Rfd1 e6 17. g3 Qe7 18. Nb5 Rfd8 19. Nd4 f5 20. exf5 Bxd4 21. Bxd4
gxf5 22. Be3 Qg7 23. Bg5 Rd7 24. Qf4 b6 25. h4 Qc3 26. Rxd6 e5 27. Qd2 Ne4 28.
Qxc3 Nxc3 29. Rxd7 Bxd7 30. Rb2 Kf7 31. Bf1 b5 32. Bd2 b4 33. Bxc3 bxc3 34. Rc2
Bc6 35. Rxc3 Kf6 36. Kf2 e4 37. fxe4 fxe4 38. Be2 Ke5 39. Ke3 Rg8 40. g4 Rf8 41.
Rc1 Bd7 42. Rd1 Be6 43. Rd4 Rf4 44. h5 h6 45. a3 Rf8 46. Rxe4+ Kd6 47. c5+ Kd5 1-0

[Event "TCh-TUR Super League 2015"]
[Site "Kocaeli TUR"]
[Date "2015.08.15"]
[Round "13.4"]
[Board "4.7"]
[White "Acar, Utku Cengiz"]
[Black "Eren, Ataberk"]
[Result "1/2-1/2"]
[WhiteElo "1930"]
[BlackElo "1997"]
[WhiteTeam "Akdeniz Belediyesi Sports Club"]
[BlackTeam "Turk Hava Yollari (Thy) Sports Club"]
[WhiteFideId "6358900"]
[BlackFideId "6349765"]
[EventDate "2015.08.04"]

1. e4 e6 2. d3 c5 3. Nf3 Nc6 4. g3 g6 5. Bg2 Bg7 6. O-O Nge7 7. c3 O-O 8. d4
cxd4 9. cxd4 d5 10. e5 b6 11. Nc3 Qd7 12. Bg5 h6 13. Bf4 Ba6 14. Re1 Nb4 15. Bf1
Bxf1 16. Rxf1 Rac8 17. Qd2 Kh7 18. Rfc1 a6 19. a3 Nbc6 20. b4 Na7 21. Ne2 Rc4
22. Qb2 Rfc8 23. Nd2 Rxc1+ 24. Rxc1 Rxc1+ 25. Qxc1 Qc6 26. Qxc6 Nexc6 27. Be3
Nb5 28. Nb1 Bf8 29. f4 Be7 30. Kg2 Nba7 31. Bd2 b5 32. Kf3 Nc8 33. Ke3 Nb6 34.
Kd3 Nc4 35. Nec3 Bd8 36. Be1 Bb6 37. Bf2 g5 38. Ne2 Kg6 39. h3 gxf4 40. gxf4 f6
41. Be1 fxe5 42. fxe5 Kg5 1/2-1/2

[Event "TCh-TUR Super League 2015"]
[Site "Kocaeli TUR"]
[Date "2015.08.15"]
[Round "13.4"]
[Board "4.8"]
[White "Dogan, Sevval"]
[Black "Temel, Burcu Melis"]
[Result "1/2-1/2"]
[BlackTitle "WCM"]
[WhiteElo "1737"]
[BlackElo "1878"]
[WhiteTeam "Turk Hava Yollari (Thy) Sports Club"]
[BlackTeam "Akdeniz Belediyesi Sports Club"]
[WhiteFideId "6322565"]
[BlackFideId "6345492"]
[EventDate "2015.08.04"]

1. e4 Nc6 2. d4 d5 3. e5 Bf5 4. Nf3 e6 5. Bd3 Bg6 6. Bg5 Be7 7. Bxe7 Qxe7 8. c3
f6 9. O-O Nh6 10. Re1 Bxd3 11. Qxd3 fxe5 12. Nxe5 Nxe5 13. Rxe5 Ng4 14. Re2 O-O
15. Nd2 Rf6 16. h3 Nh6 17. Nf3 Raf8 18. Ne5 Nf5 19. Rae1 Nd6 20. Ng4 Rg6 21. Ne5
Rgf6 22. Ng4 Rg6 23. Ne5 1/2-1/2

[Event "TCh-TUR Super League 2015"]
[Site "Kocaeli TUR"]
[Date "2015.08.15"]
[Round "13.5"]
[Board "5.2"]
[White "Ipatov, Alexander"]
[Black "Mchedlishvili, Mikheil"]
[Result "1/2-1/2"]
[WhiteTitle "GM"]
[BlackTitle "GM"]
[WhiteElo "2621"]
[BlackElo "2605"]
[WhiteTeam "Istanbul Technical University Sports Club"]
[BlackTeam "Tarsus Zeka Satranc Kulubu"]
[WhiteFideId "14116731"]
[BlackFideId "13600966"]
[EventDate "2015.08.04"]

1. c4 c5 2. Nf3 Nc6 3. g3 g6 4. Bg2 Bg7 5. O-O e6 6. Nc3 Nge7 7. e3 d5 8. cxd5
Nxd5 9. d4 cxd4 10. Nxd4 Nxd4 11. exd4 O-O 12. Nxd5 exd5 13. Be3 Be6 14. Qb3 Qb6
15. Rfc1 Bxd4 16. Bxd4 Qxd4 17. Rd1 Qc4 18. Bxd5 Qxb3 19. axb3 Rad8 20. Bxb7
Rxd1+ 21. Rxd1 Rb8 22. Bd5 Bxd5 23. Rxd5 Rxb3 24. Ra5 Rxb2 25. Rxa7 1/2-1/2